[Event "53rd World U20 ch"]
[Site "Pune IND"]
[Date "2014.10.09"]
[Round "4.63"]
[White "Kumar, Gaurav"]
[Black "Nader, Mohamed"]
[Result "1/2-1/2"]
[WhiteElo "1945"]
[BlackElo "2098"]
[EventDate "2014.10.06"]
[PlyCount "126"]

1.e4 c5 2.Nf3 a6 3.c3 e6 4.d4 d5 5.e5 Nc6 6.Bd3 Qb6 7.O-O cxd4 8.cxd4 Bd7 
9.Bc2 Nb4 10.Bb3 Bb5 11.Re1 Nd3 12.Re3 Nxc1 13.Qxc1 g6 14.Re1 Ne7 15.Nc3 
Bd7 16.Na4 Bxa4 17.Bxa4+ Nc6 18.Rb1 Bg7 19.b4 O-O 20.Qc5 Qc7 21.Bxc6 bxc6 
22.Rec1 Rfc8 23.Qa5 Qb7 24.Rc2 Bf8 25.a3 Qb5 26.Rc3 Rab8 27.Qxb5 cxb5 28.
Rbc1 Rc4 29.Kf1 Rbc8 30.Rxc4 dxc4 31.Ke2 Ra8 32.Nd2 a5 33.bxa5 Rxa5 34.Nb1
Bxa3 35.Nxa3 Rxa3 36.Rb1 Ra5 37.Kd2 Kf8 38.Kc3 Ke7 39.Kb4 Ra8 40.Rf1 Rb8 
41.Ra1 Rb7 42.Ra6 Kd7 43.Rd6+ Kc7 44.d5 exd5 45.Rxd5 Rb8 46.Rd6 Rb6 47.Rd4
f6 48.f4 fxe5 49.fxe5 Rc6 50.Kxb5 c3 51.Rd1 c2 52.Rc1 Kd7 53.e6+ Kd6 54.e7
Rc8 55.Rxc2 Rb8+ 56.Kc4 Kxe7 57.Kd4 Kf6 58.Ke3 Rb5 59.Rc4 Rf5 60.Rf4 g5 
61.Rxf5+ Kxf5 62.h3 h5 63.Kf3 h4 1/2-1/2

[Event "53rd World U20 ch"]
[Site "Pune IND"]
[Date "2014.10.09"]
[Round "4.64"]
[White "Roshan, Rangarajan"]
[Black "Reddy, Ananta"]
[Result "1-0"]
[WhiteElo "2088"]
[BlackElo "1420"]
[EventDate "2014.10.06"]
[PlyCount "51"]

1.d4 Nf6 2.Nc3 e6 3.e4 Bb4 4.Bd3 d5 5.e5 Nfd7 6.Qg4 g6 7.Bg5 Be7 8.Bxe7 
Qxe7 9.Nf3 a6 10.h4 h5 11.Qf4 Nc6 12.a3 b6 13.Ng5 Bb7 14.O-O-O O-O-O 15.
Qxf7 Rdf8 16.Qxe7 Nxe7 17.f3 Re8 18.Nxe6 Nf5 19.Nf4 Rhg8 20.Ncxd5 Bxd5 21.
Nxd5 Kb7 22.c3 c5 23.g4 Ne7 24.Nf6 Nxf6 25.exf6 Rgf8 26.fxe7 1-0

[Event "53rd World U20 ch"]
[Site "Pune IND"]
[Date "2014.10.09"]
[Round "4.65"]
[White "Grahesh, Y."]
[Black "Muthaiah, A. L."]
[Result "0-1"]
[WhiteElo "1919"]
[BlackElo "2215"]
[EventDate "2014.10.06"]
[PlyCount "124"]

1.c4 e6 2.Nc3 b6 3.Nf3 Bb7 4.g3 Bb4 5.Bg2 Bxc3 6.bxc3 Nf6 7.Ba3 d6 8.O-O 
O-O 9.d3 c5 10.Qc2 Nc6 11.e4 Re8 12.Rfe1 Qc7 13.Rad1 a6 14.d4 Nd7 15.Qd3 
Red8 16.Bb2 Na5 17.Nd2 Bc6 18.d5 Ne5 19.Qc2 exd5 20.exd5 Bd7 21.Bf1 Bg4 
22.Ra1 Qd7 23.Qe4 Re8 24.Qg2 Qf5 25.Re3 Qc2 26.Bc1 Bf5 27.h4 Nd3 28.Bxd3 
Bxd3 29.Qf3 Rxe3 30.Qxe3 Nxc4 31.Nxc4 Bxc4 32.Bd2 Bxd5 33.a3 Qf5 34.Re1 
Bc6 35.f3 h6 36.Qf4 Qd5 37.Kf2 Re8 38.Rxe8+ Bxe8 39.c4 Qd3 40.Qe3 Qxe3+ 
41.Kxe3 Bc6 42.Bc3 f6 43.f4 h5 44.f5 Kf7 45.Kf4 Ke7 46.Bd2 Bg2 47.a4 a5 
48.g4 hxg4 49.Kxg4 Bf1 50.h5 Be2+ 51.Kh4 Bxc4 52.h6 gxh6 53.Bxh6 Bb3 54.
Kh5 Bf7+ 55.Kg4 Be8 56.Bf4 Bxa4 57.Kh5 Bb3 58.Kg6 a4 59.Bg3 a3 60.Bh4 Bf7+
61.Kg7 b5 62.Bxf6+ Ke8 0-1

[Event "53rd World U20 ch"]
[Site "Pune IND"]
[Date "2014.10.09"]
[Round "4.66"]
[White "Dhulipalla, Bala Chandra Prasad"]
[Black "Raivath, Mallela"]
[Result "1-0"]
[WhiteElo "2118"]
[BlackElo "1070"]
[EventDate "2014.10.06"]
[PlyCount "67"]

1.Nf3 c5 2.g3 Nc6 3.Bg2 e5 4.d3 Nge7 5.O-O g6 6.c4 Bg7 7.Nc3 O-O 8.Ne1 d6 
9.Nc2 Be6 10.Ne3 Rb8 11.Ned5 a6 12.a4 Na7 13.Bg5 f6 14.Bd2 Nec6 15.f4 Kh8 
16.Rf2 Qd7 17.a5 Nc8 18.Na4 Bxd5 19.Bxd5 N6e7 20.Bg2 f5 21.Bc3 exf4 22.
Rxf4 Bxc3 23.Nxc3 Qe6 24.Qd2 Qf6 25.Raf1 Qg5 26.Ne4 Qh6 27.Rxf5 Nxf5 28.
Qxh6 Nxh6 29.Rxf8+ Kg7 30.Re8 Nf7 31.Bh3 Ra8 32.Rxc8 Ra7 33.Rc7 Kh6 34.
Rxf7 1-0

[Event "53rd World U20 ch"]
[Site "Pune IND"]
[Date "2014.10.10"]
[Round "5.2"]
[White "Lu Shanglei"]
[Black "Grigorian, Karen H."]
[Result "1-0"]
[WhiteElo "2533"]
[BlackElo "2591"]
[EventDate "2014.10.06"]
[PlyCount "67"]

1.e4 c5 2.Nf3 d6 3.d4 cxd4 4.Nxd4 Nf6 5.Nc3 a6 6.h3 e5 7.Nb3 Be6 8.f4 exf4
9.Bxf4 Nc6 10.Qe2 Ne5 11.O-O-O Qc7 12.g4 g6 13.Nd4 Nfd7 14.Qe3 h6 15.Kb1 
O-O-O 16.Rh2 Kb8 17.Rhd2 Rc8 18.Na4 b5 19.Nc3 Nb6 20.b3 g5 21.Nxe6 fxe6 
22.Bh2 Kb7 23.Ne2 Re8 24.Bg1 Rh7 25.Nd4 Nc8 26.Rc1 Nb6 27.Rcd1 Nc8 28.c4 
bxc4 29.Bxc4 Rhe7 30.Rc2 Qa5 31.Bxe6 Rxe6 32.Nxe6 Rxe6 33.Rdc1 Re8 34.Rxc8
1-0

[Event "53rd World U20 ch"]
[Site "Pune IND"]
[Date "2014.10.10"]
[Round "5.3"]
[White "Sunilduth Lyna, Narayanan"]
[Black "Kovalev, Vladislav"]
[Result "1-0"]
[WhiteElo "2420"]
[BlackElo "2548"]
[EventDate "2014.10.06"]
[PlyCount "111"]

1.d4 Nf6 2.c4 e5 3.dxe5 Ng4 4.Bf4 g5 5.Bd2 Nxe5 6.Nf3 Nbc6 7.Nc3 Bg7 8.
Nxe5 Nxe5 9.Qc2 d6 10.g3 c6 11.b3 Qf6 12.Rd1 Bf5 13.Ne4 O-O-O 14.Nxf6 Bxc2
15.Bh3+ Kc7 16.Rc1 Bxf6 17.Rxc2 d5 18.cxd5 Rxd5 19.Bg2 Rd7 20.O-O Rhd8 21.
Ba5+ b6 22.Bc3 Rd6 23.h3 Nd7 24.Bd2 Ne5 25.Be3 a5 26.a3 Rd1 27.Be4 Rxf1+ 
28.Kxf1 c5 29.b4 axb4 30.axb4 h6 31.bxc5 b5 32.Ra2 Rd1+ 33.Kg2 Nc4 34.Ra7+
Kc8 35.Rxf7 Nxe3+ 36.fxe3 Be5 37.Rb7 Rc1 38.Rxb5 Rc3 39.c6 Bd6 40.Rb7 Bc7 
41.Kf2 h5 42.Rb5 h4 43.g4 Bg3+ 44.Kf3 Rc1 45.Kg2 Rc3 46.Rxg5 Rxe3 47.Bf3 
Rc3 48.Rg8+ Kc7 49.Rg7+ Kd6 50.g5 Ke5 51.Rf7 Ke6 52.g6 Bd6 53.Bg4+ Ke5 54.
g7 Rg3+ 55.Kf1 Bc5 56.Rf5+ 1-0

[Event "53rd World U20 ch"]
[Site "Pune IND"]
[Date "2014.10.10"]
[Round "5.4"]
[White "Antipov, Mikhail"]
[Black "Oparin, Grigory"]
[Result "1/2-1/2"]
[WhiteElo "2524"]
[BlackElo "2552"]
[EventDate "2014.10.06"]
[PlyCount "32"]

1.e4 c5 2.Nf3 d6 3.d4 cxd4 4.Nxd4 Nf6 5.Nc3 a6 6.Be2 e5 7.Nb3 Be7 8.O-O 
O-O 9.Re1 Be6 10.Bf3 Nbd7 11.a4 Rc8 12.Nd2 Re8 13.Nf1 Rc4 14.Nd2 Rc8 15.
Nf1 Rc4 16.Nd2 Rc8 1/2-1/2

[Event "53rd World U20 ch"]
[Site "Pune IND"]
[Date "2014.10.10"]
[Round "5.5"]
[White "Fedoseev, Vladimir"]
[Black "Kriebel, Tadeas"]
[Result "1-0"]
[WhiteElo "2661"]
[BlackElo "2428"]
[EventDate "2014.10.06"]
[PlyCount "132"]

1.d4 d5 2.c4 e6 3.Nc3 Nf6 4.cxd5 exd5 5.Bg5 Be7 6.e3 O-O 7.Bd3 Nbd7 8.Nge2
b6 9.O-O Bb7 10.Qb3 c5 11.dxc5 Nxc5 12.Qd1 Nfe4 13.Bxe7 Qxe7 14.Rc1 Rfd8 
15.Nd4 Qf6 16.Nce2 Rac8 17.Nf4 g6 18.Be2 Ne6 19.Rxc8 Bxc8 20.Nfxe6 fxe6 
21.Qc2 Rf8 22.b4 Bd7 23.Ba6 e5 24.Nf3 Bh3 25.Be2 Rc8 26.Qb2 Bg4 27.Nd2 
Nxd2 28.Bxg4 Nc4 29.Qe2 Rd8 30.e4 b5 31.exd5 Rxd5 32.Qe4 Rd4 33.Qa8+ Kg7 
34.Qxa7+ Kh6 35.h3 Nd2 36.Re1 Ne4 37.f3 Nd2 38.Qc5 e4 39.f4 Rd3 40.Be2 
Qd4+ 41.Qxd4 Rxd4 42.a3 Nc4 43.Bxc4 Rxc4 44.Kf2 Kh5 45.g3 Kh6 46.g4 g5 47.
Ke3 Rc3+ 48.Kxe4 Rc4+ 49.Ke5 gxf4 50.Kf5 f3 51.Rf1 Rc3 52.Ke4 Rxa3 53.Rxf3
Ra4 54.Rb3 Ra8 55.Rd3 Re8+ 56.Kf3 Rc8 57.Rd5 Rc3+ 58.Kg2 Rb3 59.Rxb5 Kg6 
60.h4 h6 61.Rb6+ Kg7 62.h5 Kh7 63.Kf2 Kg7 64.Ke2 Kh7 65.b5 Rb2+ 66.Kd3 Kh8
1-0

[Event "53rd World U20 ch"]
[Site "Pune IND"]
[Date "2014.10.10"]
[Round "5.6"]
[White "Tari, Aryan"]
[Black "Van Kampen, Robin"]
[Result "1/2-1/2"]
[WhiteElo "2450"]
[BlackElo "2641"]
[EventDate "2014.10.06"]
[PlyCount "61"]

1.e4 c5 2.Nf3 d6 3.Bb5+ Nd7 4.d4 cxd4 5.Qxd4 a6 6.Bxd7+ Bxd7 7.O-O Rc8 8.
Nc3 e5 9.Qb4 b5 10.Qb3 Be7 11.Rd1 Be6 12.Nd5 Nf6 13.Ng5 Bxd5 14.exd5 O-O 
15.a4 Qd7 16.Nf3 Rc4 17.axb5 axb5 18.Be3 Ng4 19.Ra7 Rc7 20.Rda1 Nxe3 21.
Qxe3 Rfc8 22.Nd2 h6 23.Qb6 Qd8 24.c3 Rxa7 25.Qxa7 Bf8 26.Nb3 e4 27.Qe3 Qe8
28.Re1 b4 29.cxb4 Qa4 30.Nd4 Qxb4 31.Nc6 1/2-1/2

[Event "53rd World U20 ch"]
[Site "Pune IND"]
[Date "2014.10.10"]
[Round "5.7"]
[White "Narayanan, Srinath"]
[Black "Vidit, Santosh Gujrathi"]
[Result "1/2-1/2"]
[WhiteElo "2443"]
[BlackElo "2635"]
[EventDate "2014.10.06"]
[PlyCount "94"]

1.e4 e6 2.d4 d5 3.Nd2 c5 4.exd5 Qxd5 5.Ngf3 cxd4 6.Bc4 Qd6 7.O-O Nc6 8.Nb3
Nf6 9.Nbxd4 Nxd4 10.Nxd4 a6 11.Re1 Qc7 12.Bd3 Bc5 13.c3 Bd7 14.Bg5 O-O-O 
15.Qe2 h6 16.Bh4 Bd6 17.Bg3 Bxg3 18.hxg3 h5 19.Qe5 h4 20.Qxc7+ Kxc7 21.
gxh4 Rxh4 22.Nf3 Rh5 23.Ne5 Be8 24.Rad1 Nd7 25.Nxd7 Rxd7 26.Be4 Re5 27.
Rxd7+ Bxd7 28.f4 Ra5 29.a3 g5 30.fxg5 Rxg5 31.Bf3 Bc6 32.Kf2 Bxf3 33.gxf3 
Rd5 34.Re2 Kc6 35.Kg3 Kc5 36.Re4 Rd2 37.Rb4 b6 38.a4 b5 39.Kf4 Rf2 40.axb5
axb5 41.Ke3 Rh2 42.Rf4 Rxb2 43.Rxf7 Rb3 44.Kd2 b4 45.cxb4+ Rxb4 46.Rd7 
Rd4+ 47.Rxd4 Kxd4 1/2-1/2

[Event "53rd World U20 ch"]
[Site "Pune IND"]
[Date "2014.10.10"]
[Round "5.8"]
[White "Bok, Benjamin"]
[Black "Gagare, Shardul"]
[Result "1-0"]
[WhiteElo "2591"]
[BlackElo "2419"]
[EventDate "2014.10.06"]
[PlyCount "144"]

1.e4 c5 2.Nf3 d6 3.d4 cxd4 4.Nxd4 Nf6 5.Nc3 g6 6.Be3 Bg7 7.f3 Nc6 8.Qd2 
O-O 9.Bc4 Nxd4 10.Bxd4 Be6 11.Bb3 Qa5 12.O-O-O Rfc8 13.Kb1 b5 14.Rhe1 Bxb3
15.cxb3 Rab8 16.a3 b4 17.Na2 Qd8 18.Nxb4 a5 19.Nd5 Nxd5 20.Bxg7 Kxg7 21.
Qxd5 Qb6 22.e5 dxe5 23.Qxe5+ Kg8 24.Re3 Rb7 25.Red3 f6 26.Qe3 Qxe3 27.Rxe3
Rc5 28.Rdd3 Kf7 29.Rc3 Rh5 30.h3 Rg5 31.g4 h5 32.Kc2 hxg4 33.hxg4 Rd5 34.
Rc4 Rdb5 35.Rc8 g5 36.Rc4 Kf8 37.Rc8+ Kf7 38.Rc4 Kf8 39.Rce4 Rc5+ 40.Rc3 
Rcb5 41.Rec4 Re5 42.b4 Re2+ 43.Kb3 Kf7 44.Rc2 Re3+ 45.R4c3 Re5 46.Rc7 Rb8 
47.Rc8 Rb7 48.R8c4 Re3+ 49.R2c3 Re2 50.Rd3 e5 51.Rdc3 Kg6 52.Rc2 Re3+ 53.
R2c3 Re2 54.Rc7 Rb6 55.Re7 axb4 56.axb4 f5 57.gxf5+ Kxf5 58.Rf7+ Kg6 59.
Rfc7 e4 60.fxe4 Rxe4 61.R7c6+ Rxc6 62.Rxc6+ Kf5 63.b5 g4 64.b6 Re7 65.Ka4 
g3 66.Rc1 Ke6 67.Kb5 Kd7 68.b7 Re2 69.b4 Re8 70.Kb6 g2 71.Rc7+ Kd6 72.Rg7 
Kd5 1-0

[Event "53rd World U20 ch"]
[Site "Pune IND"]
[Date "2014.10.10"]
[Round "5.9"]
[White "Bai Jinshi"]
[Black "Idani, Pouya"]
[Result "1-0"]
[WhiteElo "2406"]
[BlackElo "2517"]
[EventDate "2014.10.06"]
[PlyCount "111"]

1.d4 Nf6 2.c4 e6 3.g3 c5 4.d5 exd5 5.cxd5 d6 6.Nc3 g6 7.Nf3 Bg7 8.Bg2 O-O 
9.O-O a6 10.a4 Nbd7 11.Bf4 Qc7 12.Qd2 Re8 13.Rac1 Qb8 14.Rb1 Nb6 15.b4 
Nbd7 16.a5 cxb4 17.Rxb4 Qc7 18.Rc1 Nc5 19.Rb6 Bf8 20.Na4 Nfe4 21.Qb4 Qd8 
22.Nxc5 Nxc5 23.Nd4 g5 24.Bd2 Bg4 25.Ne6 Bxe6 26.dxe6 Rxe6 27.Qg4 h6 28.
Bd5 Re5 29.e4 Qe7 30.Bc3 Rxe4 31.Bxe4 Nxe4 32.Bd4 d5 33.Re1 Rd8 34.f3 Bg7 
35.Be3 Nd6 36.Rbb1 Qd7 37.Bb6 Qxg4 38.fxg4 Rd7 39.Kg2 d4 40.Rbc1 Bf6 41.
Kf3 Nb5 42.Rc8+ Kg7 43.Ke2 d3+ 44.Kd2 Bd4 45.Re4 Bxb6 46.axb6 Rd6 47.Re7 
Rxb6 48.Kxd3 Rd6+ 49.Ke3 Rd1 50.Rc2 Nd6 51.Ke2 Rh1 52.Kf3 Kf6 53.Ree2 a5 
54.Red2 Ke6 55.Rd3 b5 56.Rc6 1-0

[Event "53rd World U20 ch"]
[Site "Pune IND"]
[Date "2014.10.10"]
[Round "5.10"]
[White "Rajpara, Ankit"]
[Black "Navalgund, Niranjan"]
[Result "1/2-1/2"]
[WhiteElo "2508"]
[BlackElo "2267"]
[EventDate "2014.10.06"]
[PlyCount "70"]

1.e4 e5 2.Nf3 Nc6 3.Bb5 a6 4.Ba4 Nf6 5.O-O Be7 6.Re1 b5 7.Bb3 d6 8.c3 O-O 
9.h3 Nb8 10.d4 Nbd7 11.Nbd2 Bb7 12.Bc2 Re8 13.a4 c5 14.b3 cxd4 15.cxd4 
exd4 16.Nxd4 d5 17.axb5 Bc5 18.Bb2 Qb6 19.bxa6 Rxa6 20.Rxa6 Bxa6 21.Nf1 
dxe4 22.Ng3 Bb7 23.Ngf5 Ne5 24.Qd2 Bf8 25.Qg5 Ng6 26.Bd1 h6 27.Qg3 Qa5 28.
Bc3 Qe5 29.Qxe5 Nxe5 30.Ne3 Rc8 31.Bd2 Rd8 32.Bc3 Rc8 33.Bd2 Rd8 34.Bc3 
Rc8 35.Bd2 Rd8 1/2-1/2

[Event "53rd World U20 ch"]
[Site "Pune IND"]
[Date "2014.10.10"]
[Round "5.11"]
[White "Grover, Sahaj"]
[Black "Gahwiler, Gabriel"]
[Result "1-0"]
[WhiteElo "2491"]
[BlackElo "2360"]
[EventDate "2014.10.06"]
[PlyCount "139"]

1.d4 Nf6 2.c4 e5 3.dxe5 Ng4 4.Nf3 Bc5 5.e3 Nc6 6.Be2 O-O 7.O-O Ngxe5 8.
Nxe5 Nxe5 9.Nc3 Re8 10.b3 a5 11.Bb2 Ra6 12.Ne4 Ba7 13.Qd5 Rh6 14.Bxe5 c6 
15.Bf6 gxf6 16.Qd3 f5 17.Ng3 d5 18.Nxf5 Bxf5 19.Qxf5 d4 20.exd4 Qh4 21.
Qg4+ Qxg4 22.Bxg4 Bxd4 23.Rae1 Rxe1 24.Rxe1 Rd6 25.g3 Bc5 26.Re2 Bb4 27.
Bc8 b5 28.Bb7 bxc4 29.bxc4 Rd4 30.Bxc6 Rxc4 31.Bd5 Rd4 32.Bb3 Bd6 33.Re8+ 
Kg7 34.Ra8 Bc7 35.Kg2 Rd2 36.Ra6 Rd6 37.Ra7 Rd7 38.Rb7 Re7 39.Kf3 Bd6 40.
Rb6 Bb4 41.Rb5 Rc7 42.Kg4 Kf8 43.Rf5 Kg7 44.Rg5+ Kf8 45.Rh5 Kg7 46.Rf5 Kf8
47.f4 Kg7 48.Rg5+ Kf8 49.Rb5 Kg7 50.Rf5 Kf8 51.Bd5 h6 52.Bb3 Kg7 53.Rb5 
Kf8 54.Rb6 Kg7 55.Ra6 Bd2 56.Kf5 Be1 57.Ke5 Re7+ 58.Kf5 Rc7 59.Ke4 Re7+ 
60.Kf3 Rc7 61.Kg4 Bd2 62.f5 Rc5 63.Rd6 h5+ 64.Kh4 Bc1 65.Bd5 Rc2 66.h3 Rc3
67.Kxh5 Rxg3 68.f6+ Kh7 69.h4 Bb2 70.Bxf7 1-0

[Event "53rd World U20 ch"]
[Site "Pune IND"]
[Date "2014.10.10"]
[Round "5.12"]
[White "Bersamina, Paulo"]
[Black "Kantans, Toms"]
[Result "1-0"]
[WhiteElo "2380"]
[BlackElo "2485"]
[EventDate "2014.10.06"]
[PlyCount "205"]

1.e4 c5 2.Nf3 Nc6 3.Bc4 e6 4.Nc3 Nf6 5.O-O d5 6.exd5 exd5 7.Bb5 Bd6 8.d4 
O-O 9.dxc5 Bxc5 10.Bg5 Be6 11.Rb1 Rc8 12.a3 Be7 13.Nd4 Bg4 14.Qd3 h6 15.
Bh4 Qb6 16.Bxc6 bxc6 17.Rfe1 Rfe8 18.h3 Bd7 19.Nf5 Bxf5 20.Qxf5 Rcd8 21.
Re2 d4 22.Bxf6 Bxf6 23.Ne4 Re6 24.Rbe1 Be7 25.Nd2 Rxe2 26.Rxe2 Bf6 27.Nc4 
Qb5 28.Qd3 a5 29.b3 a4 30.bxa4 Qxa4 31.Re1 Qb5 32.Nd2 Ra8 33.Nc4 g6 34.Qb3
Kg7 35.Qxb5 cxb5 36.Nd6 Kf8 37.Nxb5 Rc8 38.Re4 Rxc2 39.Nxd4 Ra2 40.Nb5 Be7
41.a4 Bc5 42.Rf4 Kg7 43.g4 Be7 44.Kg2 Bg5 45.Nc3 Rc2 46.Rf3 Bh4 47.Ne4 Ra2
48.Nd6 Rxa4 49.Rxf7+ Kg8 50.Rc7 Rf4 51.f3 Ra4 52.Rc2 Kg7 53.Ne4 Ra3 54.Nc3
Rb3 55.Nd5 Ra3 56.Nf4 Ra7 57.Kh2 Kf7 58.Ng2 Be7 59.Rd2 Ra3 60.Kg3 Bb4 61.
Rd5 Ba5 62.Rc5 Bb6 63.Rc2 Bd4 64.Rd2 Be5+ 65.Kf2 Bb8 66.Rb2 Be5 67.Rd2 Bb8
68.Ne1 Bf4 69.Re2 Rb3 70.Ra2 Be3+ 71.Ke2 Bd4 72.Nd3 Rb1 73.Ra4 Bb6 74.Rc4 
Rh1 75.Ne5+ Kg7 76.Rc6 Bd4 77.Nxg6 Rxh3 78.Nf4 Rh2+ 79.Kd3 Ba1 80.Ra6 Rh1 
81.Nh5+ Kh7 82.Ke4 Rb1 83.f4 Rb4+ 84.Kf5 Bb2 85.Ra7+ Kg8 86.Ra6 Kh7 87.Ra5
Rb6 88.Rd5 Rb7 89.Rc5 Rf7+ 90.Ke6 Rb7 91.Rc6 Rb4 92.Ra6 Re4+ 93.Kf7 Rb4 
94.Ra7 Bd4 95.Nf6+ Bxf6 96.Kxf6+ Kg8 97.Kg6 Rb6+ 98.Kh5 Rc6 99.f5 Rb6 100.
Re7 Rb4 101.Re6 Kg7 102.Rxh6 Rxg4 103.f6+ 1-0

[Event "53rd World U20 ch"]
[Site "Pune IND"]
[Date "2014.10.10"]
[Round "5.13"]
[White "Dragun, Kamil"]
[Black "Ganesh, R."]
[Result "1-0"]
[WhiteElo "2546"]
[BlackElo "2030"]
[EventDate "2014.10.06"]
[PlyCount "77"]

1.d4 d5 2.c4 c6 3.e3 Nf6 4.Nf3 a6 5.Bd3 g6 6.O-O Bg7 7.Nc3 b5 8.cxd5 cxd5 
9.Ne5 Nbd7 10.Nxd7 Bxd7 11.Qb3 Bc6 12.a4 bxa4 13.Nxa4 Nd7 14.Nc3 Nb8 15.
Bd2 O-O 16.Rfc1 e5 17.dxe5 d4 18.Na4 dxe3 19.Bxe3 Bxe5 20.h3 Qf6 21.Rc2 
Nd7 22.Nc3 Rfb8 23.Qa2 Rc8 24.Rac1 Qd6 25.Rd1 Qb4 26.Nd5 Qf8 27.Bg5 Bd6 
28.Be4 h6 29.Be3 Bb7 30.Rcd2 Bc5 31.Ne7+ Qxe7 32.Rxd7 Bxe4 33.Rxe7 Bxe7 
34.Rd7 Re8 35.Bc5 Kf8 36.Qc4 Bf5 37.Rxe7 Rxe7 38.Qd4 Ke8 39.Qh8+ 1-0

[Event "53rd World U20 ch"]
[Site "Pune IND"]
[Date "2014.10.10"]
[Round "5.14"]
[White "Von Meijenfeldt, Bart"]
[Black "Duda, Jan-Krzysztof"]
[Result "0-1"]
[WhiteElo "2354"]
[BlackElo "2599"]
[EventDate "2014.10.06"]
[PlyCount "100"]

1.e4 c5 2.Nf3 d6 3.d4 cxd4 4.Nxd4 Nf6 5.Nc3 a6 6.Be3 e5 7.Nb3 Be6 8.h3 Be7
9.f4 exf4 10.Bxf4 Nc6 11.Qe2 Nd7 12.O-O-O Nde5 13.Kb1 Qc7 14.Nd5 Bxd5 15.
exd5 Nb8 16.Nd4 Nbd7 17.Nf5 Bf8 18.h4 g6 19.Nd4 h5 20.Rh3 Bg7 21.Rc3 Qa5 
22.Ra3 Qd8 23.Bg5 Bf6 24.Rg3 Bxg5 25.Rxg5 Qf6 26.Qe3 Rc8 27.Be2 Kd8 28.Qb3
Rc7 29.Qb4 Kc8 30.Rg3 Re8 31.Rc3 Rxc3 32.Qxc3+ Kb8 33.Rf1 Qd8 34.a4 Qc7 
35.Qb4 Qb6 36.Qd2 Rc8 37.a5 Qc7 38.g3 Ka8 39.Re1 Qc5 40.Bf1 Nf6 41.Bg2 Nc4
42.Qc3 Nxd5 43.Bxd5 Qxd5 44.Re7 Rc5 45.Qb4 Rxa5 46.b3 Ra1+ 47.Kxa1 Qxd4+ 
48.c3 Qd1+ 49.Ka2 Qc2+ 50.Ka1 Qb2# 0-1

[Event "53rd World U20 ch"]
[Site "Pune IND"]
[Date "2014.10.10"]
[Round "5.15"]
[White "Beradze, Irakli"]
[Black "Abasov, Nijat"]
[Result "0-1"]
[WhiteElo "2318"]
[BlackElo "2528"]
[EventDate "2014.10.06"]
[PlyCount "80"]

1.Nf3 Nf6 2.g3 d5 3.c4 e6 4.Bg2 Nbd7 5.b3 b6 6.Bb2 Bb7 7.O-O Be7 8.d3 O-O 
9.Nbd2 c5 10.Ne5 Qc7 11.Nxd7 Nxd7 12.cxd5 Bxd5 13.e4 Bc6 14.Qc2 Rac8 15.
Nc4 Rfd8 16.f4 Bf6 17.e5 Be7 18.Rad1 b5 19.Ne3 Nb6 20.Qe2 Bxg2 21.Kxg2 
Qc6+ 22.Kh3 g6 23.Rc1 Nd5 24.Ng4 Nb4 25.Rfd1 Nxa2 26.Ra1 Nb4 27.Rxa7 Rd7 
28.Rxd7 Qxd7 29.d4 c4 30.bxc4 Rxc4 31.Ne3 Rc7 32.Ra1 Nd5 33.Ra8+ Kg7 34.
Rb8 Nxe3 35.Qxe3 Qd5 36.Qd3 b4 37.Rb5 Qa2 38.d5 Qxb2 39.d6 Bxd6 40.exd6 
Rc2 0-1

[Event "53rd World U20 ch"]
[Site "Pune IND"]
[Date "2014.10.10"]
[Round "5.16"]
[White "Koksal, Ege"]
[Black "Ghosh, Diptayan"]
[Result "0-1"]
[WhiteElo "2321"]
[BlackElo "2508"]
[EventDate "2014.10.06"]
[PlyCount "100"]

1.d4 Nf6 2.c4 g6 3.Nc3 d5 4.Nf3 Bg7 5.Bf4 O-O 6.e3 c5 7.dxc5 Ne4 8.Rc1 
Nxc3 9.bxc3 Nd7 10.cxd5 Nxc5 11.Be5 Bxe5 12.Nxe5 Bf5 13.Qd4 Rc8 14.Bc4 Qd6
15.O-O Rfd8 16.Rfd1 Qf6 17.Nf3 Ne4 18.Kf1 b5 19.Qxf6 exf6 20.Bxb5 Nxc3 21.
Ba6 Nxd1 22.Bxc8 Nxe3+ 23.fxe3 Bxc8 24.Kf2 Bf5 25.Rc7 Rxd5 26.Rxa7 Rb5 27.
a4 Rb2+ 28.Kg3 Bd3 29.Rd7 Be4 30.Rd2 Rb3 31.Rd4 f5 32.Kf4 Rb2 33.Kg3 Ra2 
34.Rc4 Kg7 35.h4 h6 36.Ne1 Re2 37.Nf3 Rxe3 38.a5 Ra3 39.Rc5 g5 40.hxg5 
hxg5 41.Kf2 Kf6 42.Rb5 Bxf3 43.gxf3 g4 44.fxg4 fxg4 45.Rb6+ Kg5 46.Rb7 f5 
47.Ra7 Kf4 48.a6 g3+ 49.Kg2 Ra2+ 50.Kg1 Kf3 0-1

[Event "53rd World U20 ch"]
[Site "Pune IND"]
[Date "2014.10.10"]
[Round "5.17"]
[White "Karthikeyan, Murali"]
[Black "Borisenko, Viacheslav"]
[Result "1/2-1/2"]
[WhiteElo "2495"]
[BlackElo "2316"]
[EventDate "2014.10.06"]
[PlyCount "94"]

1.e4 c5 2.Nf3 e6 3.d4 cxd4 4.Nxd4 Nf6 5.Nc3 Nc6 6.Nxc6 bxc6 7.e5 Nd5 8.Ne4
Qc7 9.f4 Rb8 10.c4 Bb4+ 11.Ke2 O-O 12.cxd5 cxd5 13.Ng5 f6 14.exf6 Rxf6 15.
Qd3 g6 16.Be3 Bb7 17.Rc1 Bc6 18.Nf3 Bd6 19.Qd4 Rf5 20.Kd1 Bxf4 21.Bd3 e5 
22.Bxf4 Rxf4 23.Qxe5 Qxe5 24.Nxe5 Rxb2 25.Nxc6 dxc6 26.Rf1 Rg4 27.Rxc6 
Rgxg2 28.Kc1 Rxa2 29.Rc7 Raf2 30.Re1 Rf7 31.Rc2 Rxc2+ 32.Bxc2 Rf2 33.Re7 
Rxh2 34.Bb3 Kf8 35.Rxa7 d4 36.Rd7 Rh3 37.Be6 Re3 38.Ba2 d3 39.Rxh7 Re1+ 
40.Kd2 Re2+ 41.Kxd3 Rxa2 42.Ke3 Kg8 43.Rb7 Ra5 44.Kf4 Rf5+ 45.Kg4 Rf7 46.
Rb5 Kg7 47.Kg5 Rf5+ 1/2-1/2

[Event "53rd World U20 ch"]
[Site "Pune IND"]
[Date "2014.10.10"]
[Round "5.18"]
[White "Puranik, Abhimanyu"]
[Black "Bajarani, Ulvi"]
[Result "0-1"]
[WhiteElo "2269"]
[BlackElo "2496"]
[EventDate "2014.10.06"]
[PlyCount "148"]

1.e4 c5 2.Nf3 d6 3.d4 cxd4 4.Nxd4 Nf6 5.Nc3 a6 6.f4 e5 7.Nf3 Nbd7 8.Bd3 
Be7 9.a4 O-O 10.O-O exf4 11.Bxf4 Nc5 12.a5 Bg4 13.Qe1 Bh5 14.Kh1 Rc8 15.
Nd2 d5 16.Nxd5 Nxd5 17.exd5 Nxd3 18.cxd3 Bg6 19.Qe3 Rc2 20.Qf3 Rc5 21.Rae1
Rb5 22.Nc4 Bb4 23.d6 Bxe1 24.Rxe1 Rb3 25.Re3 Qd7 26.h4 h5 27.Nb6 Qd8 28.
Bg3 Rxb2 29.Qd5 Qf6 30.Rf3 Rb1+ 31.Kh2 Qa1 32.Bf2 Rh1+ 33.Kg3 Qc3 34.d4 
Qc2 35.Rf4 Rd8 36.d7 Qd3+ 37.Rf3 Qe4 38.Qxe4 Bxe4 39.Re3 Bc6 40.Re5 Rb1 
41.Rxh5 Rb5 42.Rxb5 Bxb5 43.d5 Bxd7 44.Bc5 Bb5 45.Be7 Re8 46.d6 f6 47.Kf4 
Kf7 48.h5 Ke6 49.g4 Rh8 50.Ke4 Rg8 51.Kf4 g6 52.hxg6 Rxg6 53.Bf8 Rg8 54.
Be7 Be2 55.Nd5 Rxg4+ 56.Ke3 Bb5 57.Nxf6 Rg3+ 58.Kd4 Bc6 59.Kc5 Rb3 60.Kc4 
Rb5 61.Bd8 Rf5 62.d7 Bxd7 63.Ne4 Bb5+ 64.Kc3 Rf3+ 65.Kb2 Kd5 66.Nd2 Rd3 
67.Bg5 Ba4 68.Nb1 Kc4 69.Bd2 Rb3+ 70.Ka2 Kd3 71.Bf4 Rb5 72.Bc7 Bb3+ 73.Ka1
Bf7 74.Bd8 Rd5 0-1

[Event "53rd World U20 ch"]
[Site "Pune IND"]
[Date "2014.10.10"]
[Round "5.19"]
[White "Kumaran, Balaji"]
[Black "Ducarmon, Quinten"]
[Result "1/2-1/2"]
[WhiteElo "2239"]
[BlackElo "2487"]
[EventDate "2014.10.06"]
[PlyCount "64"]

1.b3 e5 2.Bb2 Nc6 3.e3 Nf6 4.Bb5 Bd6 5.Ne2 a6 6.Bxc6 dxc6 7.d3 O-O 8.Nd2 
Re8 9.h3 c5 10.e4 Nd7 11.O-O Qh4 12.Nf3 Qe7 13.Qd2 Nf8 14.Ng3 Qf6 15.Qg5 
Qxg5 16.Nxg5 f6 17.Nf3 Ne6 18.Ne2 Bd7 19.Nd2 Nd4 20.Nxd4 cxd4 21.f4 b5 22.
fxe5 fxe5 23.Nf3 c5 24.c4 dxc3 25.Bxc3 Bc6 26.Bb2 Rad8 27.Rac1 Bb7 28.Kf2 
a5 29.Ke2 Ba6 30.Nd2 Re6 31.a4 Rg6 32.g4 h5 1/2-1/2

[Event "53rd World U20 ch"]
[Site "Pune IND"]
[Date "2014.10.10"]
[Round "5.20"]
[White "Aravindh, Chithambaram"]
[Black "Blazeka, Matej"]
[Result "1/2-1/2"]
[WhiteElo "2475"]
[BlackElo "2311"]
[EventDate "2014.10.06"]
[PlyCount "126"]

1.e4 e5 2.Nf3 Nc6 3.Nc3 Nf6 4.Bb5 Bb4 5.O-O O-O 6.d3 d6 7.Ne2 Ne7 8.c3 Ba5
9.Ng3 c6 10.Ba4 Ng6 11.d4 Re8 12.Bc2 h6 13.h3 Nh7 14.Nh2 Bb6 15.Ng4 Nf4 
16.Ne3 Ng5 17.Nef5 g6 18.dxe5 dxe5 19.Qxd8 Rxd8 20.Ne7+ Kg7 21.Nxc8 Raxc8 
22.Re1 Nd3 23.Bxd3 Rxd3 24.Nf1 Rcd8 25.h4 Ne6 26.Ne3 Bc7 27.h5 Nc5 28.Ng4 
gxh5 29.Nxh6 Rd1 30.Nf5+ Kg6 31.Nh4+ Kh7 32.Bg5 Rxa1 33.Rxa1 Rg8 34.Be3 
Nxe4 35.Rd1 Rd8 36.Re1 Nd6 37.Bg5 Re8 38.Nf3 Kg6 39.Be3 f6 40.Nh4+ Kf7 41.
Bc5 Rd8 42.Kf1 Bb6 43.Bxd6 Rxd6 44.Ke2 Rd5 45.Nf5 e4 46.Ng3 f5 47.Nxh5 Bc7
48.g3 Kg6 49.Nf4+ Bxf4 50.gxf4 c5 51.Rg1+ Kf7 52.c4 Rd6 53.Rg5 Kf6 54.Rh5 
Kg6 55.Rg5+ Kf6 56.Rg3 Rb6 57.b3 Ra6 58.a4 Rd6 59.Rh3 Kg6 60.Re3 Rd3 61.f3
Rxe3+ 62.Kxe3 exf3 63.Kxf3 a5 1/2-1/2

[Event "53rd World U20 ch"]
[Site "Pune IND"]
[Date "2014.10.10"]
[Round "5.21"]
[White "Das, Sayantan"]
[Black "Viani D`Cunha, Antonio"]
[Result "1-0"]
[WhiteElo "2456"]
[BlackElo "2257"]
[EventDate "2014.10.06"]
[PlyCount "139"]

1.e4 c5 2.Nf3 d6 3.d4 cxd4 4.Nxd4 Nf6 5.Nc3 g6 6.Be3 Bg7 7.f3 O-O 8.Qd2 
Nc6 9.g4 Be6 10.Nxe6 fxe6 11.O-O-O Rc8 12.Bc4 Qd7 13.Qe2 Na5 14.Bb3 Nxb3+ 
15.axb3 Qc6 16.Bd4 Nd7 17.Bxg7 Kxg7 18.Rdf1 e5 19.Nd5 Rf7 20.Kb1 Nc5 21.g5
Ne6 22.c3 Nxg5 23.h4 Ne6 24.Rfg1 Nc5 25.b4 Nb3 26.Ne3 Rxf3 27.Nf5+ Kf8 28.
Nxd6 Nd2+ 29.Qxd2 exd6 30.Rg4 Kg7 31.h5 Rcf8 32.Qg2 Qc4 33.Rxg6+ Kh8 34.
Rxd6 Rf2 35.Qg5 Qxe4+ 36.Ka2 Rg8 37.Rd8 Qc4+ 38.Ka1 Qa6+ 39.Kb1 Qd3+ 40.
Rxd3 Rxg5 41.h6 Kg8 42.Rd8+ Rf8 43.Rhd1 e4 44.Rxf8+ Kxf8 45.Rd8+ Kf7 46.
Rd7+ Kg6 47.Rxb7 Kxh6 48.Rxa7 Re5 49.Kc2 Kg6 50.c4 h5 51.Kd2 h4 52.Ke3 h3 
53.Ra1 h2 54.Rh1 Rh5 55.Kxe4 Kf6 56.b5 Ke6 57.Kf3 Rh4 58.b3 Rh3+ 59.Kg4 
Rxb3 60.Rxh2 Kd6 61.Rh6+ Kc7 62.Kf4 Rd3 63.Ke4 Rd1 64.c5 Re1+ 65.Kd3 Rd1+ 
66.Ke2 Rd5 67.b6+ Kb7 68.Rh7+ Kb8 69.Rc7 Rh5 70.Kd3 1-0